Score 0/24 Timer 05:00
4 Plays Today
% Correct
STEPHEN King
86.5%
JOANNE K. Rowling
83.1%
WILLIAM Shakespeare
82.3%
VIRGINIA Woolf
81.6%
JANE Austen
79.4%
OSCAR Wilde
75.1%
GEORGE R. R. Martin
72.8%
ERNEST Hemingway
71.6%
AGATHA Christie
71%
LEO Tolstoy
69.6%
KAZUO Ishiguro
68.8%
AMY Tan
66.7%
% Correct
ALICE Walker
65%
KURT Vonnegut Jr.
64.8%
CHARLES Dickens
63.9%
N. K. Jemisin
63.4%
HUNTER S. Thompson
62.4%
F. SCOTT Fitzgerald
58.7%
GEOFFREY Chaucer
55.7%
KHALED Hosseini
55.2%
JAMES Joyce
54.8%
JOHN Green
49.9%
CHINUA Achebe
49.1%
JOSEPH Heller
47.2%
Remove Ads.
Support Sporcle.
Get the best of Sporcle when you Go Orange. This ad-free experience offers more features, more stats, and more fun while also helping to support Sporcle. Thank you for becoming a member.

You're not logged in!

Compare scores with friends on all Sporcle quizzes.
OR
Log In

Show Comments

Extras

Top Quizzes Today


Score Distribution

Your Account Isn't Verified!

In order to create a playlist on Sporcle, you need to verify the email address you used during registration. Go to your Sporcle Settings to finish the process.

Report this User

Report this user for behavior that violates our Community Guidelines.

Details: